000 00488nam a2200181Ia 4500
003 GCL
008 140319s9999 xx 000 0 ara d
040 _aGCL /
_cGCL
082 0 4 _a811.009
_bس م
100 1 _aسهيل ادريس
245 1 0 _aمواقف وقضايا ادبية /
_cسهيل ادريس
300 _a289 ص
490 _a
650 0 4 _aالادب العربى
650 0 4 _aالنقد الادبى
650 0 4 _aالمسرحيات العربية
942 _2ddc
_cBK
999 _c44862
_d44862